[Event "Jersey op"]
[Site "St Clement Bay"]
[Date "2018.04.02"]
[Round "4.12"]
[White "Livesey, R Nigel"]
[Black "House, Glenn"]
[Result "0-1"]
[WhiteElo "1753"]
[BlackElo "2188"]
[PlyCount "118"]
[EventDate "2018.03.31"]
[EventType "swiss"]
[EventRounds "9"]
[EventCountry "GCI"]
[SourceTitle "CBM 183 Extra"]
[Source "ChessBase"]
[SourceDate "2018.04.19"]
[SourceVersion "1"]
[SourceVersionDate "2018.04.19"]
[SourceQuality "1"]

1. c4 Nf6 2. g3 g6 3. Bg2 Bg7 4. Nc3 d6 5. d3 c5 6. e4 Nc6 7. Nge2 a6 8. 0-0 0-0 9. Be3 Ng4 10. Bc1 Rb8 11. h3 Nf6 12. a4 Ne8 13. Be3 e5 14. Rb1 Nc7 15. f4 exf4 16. gxf4 Nd4 17. Bxd4 cxd4 18. Nd5 Nxd5 19. exd5 Re8 20. Ng3 f5 21. Re1 Bd7 22. Rxe8+ Qxe8 23. Qd2 Qd8 24. Qb4 Qc7 25. Re1 Bf6 26. b3 Kf7 27. Re2 Re8 28. Rxe8 Kxe8 29. Qe1+ Kf7 30. Ne2 b5 31. axb5 axb5 32. Qb4 Qb6 33. Kf2 Ke7 34. Kf3 Qa7 35. Qe1 Kd8 36. Qb4 Qb6 37. Kg3 Kc7 38. Qa3 Kb8 39. Qb4 Bd8 40. Qa3 b4 41. Qa1 Bf6 42. Bf3 h6 43. Kg2 Kb7 44. Kh2 g5 45. Kg3 Qd8 46. Qe1 gxf4+ 47. Kg2 Qa5 48. Nxf4 Qa2+ 49. Kg3 Qxb3 50. Bd1 Qc3 51. Qxc3 dxc3 52. Bb3 Be5 53. Kf3 Be8 54. h4 Kb6 55. Ke3 Bf6 56. Ng2 Bh5 57. d4 Bg4 58. Bc2 h5 59. Bb3 f4+ 0-1

[Event "Jersey op"]
[Site "St Clement Bay"]
[Date "2018.03.31"]
[Round "1"]
[White "House, Glenn"]
[Black "Vakhidov, Jahongir"]
[Result "0-1"]
[WhiteElo "2188"]
[BlackElo "2542"]
[PlyCount "76"]
[EventDate "2018.03.31"]
[EventType "swiss"]
[EventRounds "9"]
[EventCountry "GCI"]
[SourceTitle "CBM 183 Extra"]
[Source "ChessBase"]
[SourceDate "2018.04.19"]
[SourceVersion "1"]
[SourceVersionDate "2018.04.19"]
[SourceQuality "1"]

1. Nf3 c5 2. d3 Nc6 3. g3 g6 4. Bg2 Bg7 5. 0-0 d5 6. Nbd2 Nf6 7. e4 0-0 8. Re1 e5 9. c3 h6 10. exd5 Nxd5 11. Nc4 Re8 12. a4 Bf5 13. Nh4 Be6 14. Nf3 Qc7 15. a5 Rad8 16. Nfd2 f5 17. Qa4 Rb8 18. Qb5 a6 19. Qa4 Bf7 20. Nb3 Bf8 21. Ne3 Nf6 22. Nc4 Rbd8 23. Be3 Rxd3 24. Bxc5 e4 25. Bxf8 Rxf8 26. Bf1 Rdd8 27. Nc5 Ng4 28. Be2 Nce5 29. Nxe5 Nxe5 30. Nb3 f4 31. Nd4 e3 32. gxf4 exf2+ 33. Kxf2 Bd5 34. Kg3 Nd3 35. Bxd3 Qxf4+ 36. Kh3 Qg5 37. Rg1 Qh5+ 38. Kg3 g5 0-1

[Event "Newcastle on Tyne op"]
[Site "Newcastle on Tyne"]
[Date "2018.02.16"]
[Round "4"]
[White "Nandi, Robin J"]
[Black "House, Glenn"]
[Result "0-1"]
[WhiteElo "1815"]
[BlackElo "2214"]
[PlyCount "64"]
[EventDate "2018.02.14"]
[EventType "swiss"]
[EventRounds "9"]
[EventCountry "ENG"]
[SourceTitle "CBM 182 Extra"]
[Source "ChessBase"]
[SourceDate "2018.02.23"]
[SourceVersion "1"]
[SourceVersionDate "2018.02.23"]
[SourceQuality "1"]

1. d4 Nf6 2. c4 e6 3. Nf3 Bb4+ 4. Bd2 Qe7 5. g3 Nc6 6. Bg2 Bxd2+ 7. Nbxd2 d6 8. 0-0 0-0 9. a3 a5 10. Qc2 e5 11. d5 Nb8 12. b4 Bg4 13. Nb3 Bxf3 14. Bxf3 axb4 15. axb4 Rxa1 16. Rxa1 Na6 17. Qc3 e4 18. Bg2 Ng4 19. Na5 f5 20. Nxb7 Nb8 21. Qd4 Nd7 22. c5 Nde5 23. Ra7 Qf6 24. Qa1 f4 25. f3 fxg3 26. fxg4 Qh6 27. h3 Qe3+ 28. Kh1 Nxg4 29. Ra3 Nf2+ 30. Kg1 Nxh3+ 31. Kh1 Nf2+ 32. Kg1 Nd3+ 0-1

[Event "Newcastle on Tyne op"]
[Site "Newcastle on Tyne"]
[Date "2018.02.15"]
[Round "3"]
[White "House, Glenn"]
[Black "Longson, Sarah N"]
[Result "0-1"]
[WhiteElo "2214"]
[BlackElo "2124"]
[PlyCount "110"]
[EventDate "2018.02.14"]
[EventType "swiss"]
[EventRounds "9"]
[EventCountry "ENG"]
[SourceTitle "CBM 182 Extra"]
[Source "ChessBase"]
[SourceDate "2018.02.23"]
[SourceVersion "1"]
[SourceVersionDate "2018.02.23"]
[SourceQuality "1"]

1. Nf3 d5 2. g3 Bg4 3. Bg2 c6 4. d3 e6 5. Nbd2 Bd6 6. 0-0 Nd7 7. h3 Bh5 8. e4 Ne7 9. Qe1 0-0 10. Nh4 Ng6 11. Nxg6 Bxg6 12. f4 Re8 13. Nf3 dxe4 14. dxe4 Qb6+ 15. Kh2 h6 16. Qe2 Rad8 17. Rd1 Bc5 18. Re1 Bf2 19. Rf1 Bc5 20. Ne1 Nf6 21. Nd3 Qb5 22. Re1 Bb6 23. a4 Qc4 24. b3 Qa6 25. a5 Bd4 26. Ra4 Bc3 27. Bd2 Bxd2 28. Qxd2 b5 29. axb6 Qxb6 30. Qe3 Qxe3 31. Rxe3 Re7 32. g4 Rc7 33. Re2 Nd7 34. f5 Bh7 35. Re1 Nb6 36. Ra6 exf5 37. exf5 f6 38. Rea1 Rdd7 39. Nc5 Re7 40. Ne6 Red7 41. Bxc6 Rd2+ 42. Bg2 g6 43. Rxa7 Rxa7 44. Rxa7 gxf5 45. Rg7+ Kh8 46. Rb7 Nd7 47. Kg3 fxg4 48. hxg4 Rxg2+ 49. Kf4 Ne5 50. Rb8+ Bg8 51. c4 Rxg4+ 52. Kf5 Rg3 53. Nd4 Rg5+ 54. Kf4 Rg4+ 55. Ke3 Rxd4 0-1

[Event "Newcastle on Tyne op"]
[Site "Newcastle on Tyne"]
[Date "2018.02.14"]
[Round "1"]
[White "House, Glenn"]
[Black "Han, Yichen"]
[Result "1-0"]
[WhiteElo "2214"]
[BlackElo "1998"]
[PlyCount "121"]
[EventDate "2018.02.14"]
[EventType "swiss"]
[EventRounds "9"]
[EventCountry "ENG"]
[SourceTitle "CBM 182 Extra"]
[Source "ChessBase"]
[SourceDate "2018.02.23"]
[SourceVersion "1"]
[SourceVersionDate "2018.02.23"]
[SourceQuality "1"]

1. Nf3 Nf6 2. g3 g6 3. Bg2 Bg7 4. 0-0 0-0 5. d3 d5 6. Nbd2 c5 7. e4 Nc6 8. c3 e5 9. a3 h6 10. b4 dxe4 11. dxe4 cxb4 12. axb4 Qd3 13. Bb2 Be6 14. Re1 a6 15. Bf1 Qd7 16. Nc4 Qxd1 17. Raxd1 Bg4 18. Kg2 Rad8 19. h3 Be6 20. Rxd8 Rxd8 21. Kg1 Nd7 22. Rd1 f5 23. Nh4 Kh7 24. Rd6 Re8 25. exf5 gxf5 26. Ne3 Bf8 27. Rd1 f4 28. Bd3+ Kg8 29. gxf4 exf4 30. Bg6 Rc8 31. Bf5 Bxf5 32. Nexf5 Nde5 33. Bc1 Ne7 34. Bxf4 N5g6 35. Nxg6 Nxg6 36. Bxh6 Rxc3 37. Rd8 Kf7 38. Bxf8 Nxf8 39. Rb8 b5 40. Rb7+ Kf6 41. Ne3 Rb3 42. Rb6+ Kg5 43. Rxa6 Rxb4 44. Kg2 Ng6 45. Kg3 Rb1 46. Rb6 Rb3 47. Rc6 b4 48. h4+ Kh5 49. Rc5+ Kh6 50. h5 Ne7 51. Kf4 Rd3 52. Ng4+ Kg7 53. Rc7 Kf8 54. Rb7 Rd4+ 55. Kf3 Rd3+ 56. Ke4 Rh3 57. h6 Rh4 58. f3 Ng8 59. Kf4 Rh3 60. Rb8+ Kf7 61. Ne5+ 1-0

[Event "BCF-chT1a 1718 (4NCL)"]
[Site "England"]
[Date "2018.02.10"]
[Round "5.34"]
[White "House, Glenn"]
[Black "Alsina Leal, Daniel"]
[Result "0-1"]
[WhiteElo "2198"]
[BlackElo "2507"]
[PlyCount "46"]
[EventDate "2017.11.11"]
[EventType "team-swiss"]
[EventRounds "11"]
[EventCountry "ENG"]
[SourceTitle "EXT 2019"]
[Source "ChessBase"]
[SourceDate "2018.10.10"]
[SourceVersion "1"]
[SourceVersionDate "2018.10.10"]
[SourceQuality "1"]
[WhiteTeam "Spirit of Atticus"]
[BlackTeam "White Rose"]
[WhiteTeamCountry "ENG"]
[BlackTeamCountry "ENG"]

1. Nf3 Nf6 2. g3 g6 3. Bg2 Bg7 4. 0-0 d5 5. d3 0-0 6. Nbd2 c5 7. e4 Nc6 8. Re1 e5 9. exd5 Nxd5 10. Nc4 f6 11. a4 Be6 12. c3 Nde7 13. Qe2 Qd7 14. Be3 b6 15. d4 cxd4 16. cxd4 e4 17. Nfd2 f5 18. Nb3 Rac8 19. d5 Qxd5 20. Bf1 Nb4 21. Bg5 Rfe8 22. Nbd2 Nec6 23. Ne3 Qd7 0-1

[Event "BCF-chT1a 1718 (4NCL)"]
[Site "England"]
[Date "2017.11.11"]
[Round "1.45"]
[White "House, Glenn"]
[Black "Longson, Alexander"]
[Result "1/2-1/2"]
[WhiteElo "2198"]
[BlackElo "2317"]
[PlyCount "106"]
[EventDate "2017.11.11"]
[EventType "team-swiss"]
[EventRounds "11"]
[EventCountry "ENG"]
[SourceTitle "CBM 181 Extra"]
[Source "ChessBase"]
[SourceDate "2017.12.12"]
[SourceVersion "1"]
[SourceVersionDate "2017.12.12"]
[SourceQuality "1"]
[WhiteTeam "Spirit of Atticus"]
[BlackTeam "3CS Oldham"]
[WhiteTeamCountry "ENG"]
[BlackTeamCountry "ENG"]

1. Nf3 d5 2. d3 Nf6 3. g3 e6 4. Bg2 Be7 5. 0-0 c5 6. Nbd2 Nc6 7. e4 0-0 8. Re1 b5 9. e5 Nd7 10. Nf1 a5 11. h4 b4 12. N1h2 a4 13. a3 bxa3 14. bxa3 Ba6 15. Ng4 Rb8 16. Bf4 Nd4 17. Nxd4 cxd4 18. h5 Rc8 19. h6 g6 20. Bd2 Rc6 21. Ra2 Qc7 22. Re2 Rc8 23. Bb4 Bg5 24. Kh2 Qa7 25. f4 Bd8 26. Qe1 Qb6 27. Qf2 Qa7 28. Ra1 Qc7 29. Ra2 Qa7 30. Rb2 Qb6 31. Bc3 dxc3 32. Rxb6 Bxb6 33. Qe1 Bd4 34. Bxd5 exd5 35. e6 Nf6 36. exf7+ Kf8 37. Nxf6 Bxf6 38. g4 Kxf7 39. g5 Bd8 40. Qh1 Rd6 41. Re5 Bb7 42. Kg3 Rc7 43. Qg1 d4 44. Qb1 Rcd7 45. Qb5 Bd5 46. Qxa4 Be6 47. Qa8 Rd5 48. Rxd5 Rxd5 49. Qb8 Ke8 50. Qb7 Be7 51. Qb8+ Bd8 52. Qb7 Be7 53. Qb8+ Bd8 1/2-1/2

[Event "BCF-chT2 1617 (4NCL) Promotion pool"]
[Site "England"]
[Date "2017.04.30"]
[Round "10.14"]
[White "House, Glenn"]
[Black "Edgell, Ben P"]
[Result "1/2-1/2"]
[WhiteElo "2211"]
[BlackElo "2138"]
[PlyCount "50"]
[EventDate "2016.11.19"]
[EventType "team-tourn"]
[EventRounds "11"]
[EventCountry "ENG"]
[SourceTitle "EXT 2019"]
[Source "ChessBase"]
[SourceDate "2018.10.10"]
[SourceVersion "1"]
[SourceVersionDate "2018.10.10"]
[SourceQuality "1"]
[WhiteTeam "Spirit of Atticus"]
[BlackTeam "West is Best"]
[WhiteTeamCountry "ENG"]
[BlackTeamCountry "ENG"]

1. g3 Nf6 2. Bg2 d5 3. Nf3 g6 4. 0-0 Bg7 5. d3 0-0 6. Nc3 d4 7. Nb5 Nc6 8. a4 e5 9. Bg5 Be6 10. Nd2 a6 11. Na3 Qd7 12. Bxf6 Bxf6 13. Nac4 Bd5 14. Bxd5 Qxd5 15. a5 Bg7 16. c3 f5 17. Qb3 Rab8 18. e4 dxe3 19. Nxe3 Qxb3 20. Nxb3 Rfd8 21. Rfd1 Bf8 22. Kf1 Rd7 23. Ra4 Rbd8 24. Ke2 Kf7 25. Raa1 Kf6 1/2-1/2

[Event "Jersey op"]
[Site "St Clement Bay"]
[Date "2017.04.06"]
[Round "7"]
[White "House, Glenn"]
[Black "Pleasants, Allan J"]
[Result "1-0"]
[WhiteElo "2211"]
[BlackElo "1982"]
[PlyCount "81"]
[EventDate "2017.04.01"]
[EventType "swiss"]
[EventRounds "9"]
[EventCountry "GCI"]
[SourceTitle "CBM 177 Extra"]
[Source "ChessBase"]
[SourceDate "2017.04.27"]
[SourceVersion "1"]
[SourceVersionDate "2017.04.27"]
[SourceQuality "1"]

1. Nf3 g6 2. g3 Bg7 3. Bg2 Nf6 4. 0-0 0-0 5. d3 d5 6. Nbd2 Nc6 7. e4 Rb8 8. Re1 Bg4 9. h3 Bxf3 10. Qxf3 Nd4 11. Qd1 dxe4 12. dxe4 Nd7 13. Nb3 Nb6 14. c3 Ne6 15. Qe2 c5 16. Be3 Qc7 17. a4 Nd7 18. f4 b6 19. Red1 Rbd8 20. a5 c4 21. axb6 axb6 22. Nd4 Nxd4 23. cxd4 b5 24. Rac1 Nb6 25. Qf2 Qd7 26. d5 Na4 27. e5 g5 28. Qc2 gxf4 29. gxf4 f6 30. e6 Qe8 31. f5 Qh5 32. d6 Rxd6 33. Rxd6 exd6 34. b3 cxb3 35. Qxb3 Kh8 36. Qxb5 Bh6 37. Bxh6 Qxh6 38. Re1 Rg8 39. e7 Nc3 40. Qc6 Qd2 41. e8Q 1-0

[Event "Jersey op"]
[Site "St Clement Bay"]
[Date "2017.04.03"]
[Round "4"]
[White "Andersen, Niels Erik"]
[Black "House, Glenn"]
[Result "1/2-1/2"]
[WhiteElo "1900"]
[BlackElo "2211"]
[PlyCount "34"]
[EventDate "2017.04.01"]
[EventType "swiss"]
[EventRounds "9"]
[EventCountry "GCI"]
[SourceTitle "CBM 177 Extra"]
[Source "ChessBase"]
[SourceDate "2017.04.27"]
[SourceVersion "1"]
[SourceVersionDate "2017.04.27"]
[SourceQuality "1"]

1. d4 Nf6 2. c4 e6 3. g3 Bb4+ 4. Bd2 a5 5. Bg2 0-0 6. Nc3 d6 7. a3 Bxc3 8. Bxc3 Nbd7 9. Nh3 a4 10. 0-0 Qe7 11. Qc2 Re8 12. e3 Ra7 13. Nf4 c6 14. Nd3 c5 15. Rad1 e5 16. Rfe1 h6 17. dxe5 dxe5 1/2-1/2

[Event "Jersey op"]
[Site "St Clement Bay"]
[Date "2017.04.03"]
[Round "3"]
[White "House, Glenn"]
[Black "Rudd, Jack"]
[Result "0-1"]
[WhiteElo "2211"]
[BlackElo "2177"]
[PlyCount "120"]
[EventDate "2017.04.01"]
[EventType "swiss"]
[EventRounds "9"]
[EventCountry "GCI"]
[SourceTitle "CBM 177 Extra"]
[Source "ChessBase"]
[SourceDate "2017.04.27"]
[SourceVersion "1"]
[SourceVersionDate "2017.04.27"]
[SourceQuality "1"]

1. g3 e5 2. Bg2 d5 3. d3 c5 4. Nf3 Nc6 5. 0-0 Be7 6. e4 d4 7. a4 Bg4 8. Na3 Nf6 9. h3 Bh5 10. Nc4 Nd7 11. c3 0-0 12. g4 Bg6 13. cxd4 cxd4 14. Nfxe5 Ncxe5 15. Nxe5 Nxe5 16. f4 Nc6 17. f5 Bd6 18. e5 Bxe5 19. fxg6 hxg6 20. Qb3 Rb8 21. Bd2 Qh4 22. Rf3 Bd6 23. Bf4 Bxf4 24. Rxf4 Qe7 25. Be4 Ne5 26. Raf1 Rbc8 27. R4f2 b6 28. Bg2 Qg5 29. Qd5 Qe3 30. Kh2 Rcd8 31. Qe4 Nxd3 32. Qxe3 dxe3 33. Re2 Rfe8 34. Rf3 Nxb2 35. Rfxe3 Rxe3 36. Rxe3 Nxa4 37. Re7 a5 38. Rb7 Kf8 39. Bc6 Rd4 40. Bxa4 Rxa4 41. Rxb6 Rb4 42. Ra6 a4 43. Ra7 f6 44. g5 fxg5 45. Kg3 Kg8 46. Kf3 Kh7 47. Kg3 Kh6 48. Ra8 g4 49. hxg4 Rb3+ 50. Kf4 g5+ 51. Kf5 Rf3+ 52. Ke5 Rf4 53. Ra6+ g6 54. Ra8 Rxg4 55. Rh8+ Kg7 56. Ra8 Rb4 57. Ra7+ Kh6 58. Ra8 g4 59. Kf6 Rf4+ 60. Ke5 Kg5 0-1

[Event "BCF-chT2b 1617 (4NCL)"]
[Site "England"]
[Date "2017.02.11"]
[Round "5.53"]
[White "House, Glenn"]
[Black "Lee, Richard WY"]
[Result "1-0"]
[WhiteElo "2201"]
[BlackElo "2153"]
[PlyCount "165"]
[EventDate "2016.11.19"]
[EventType "team-tourn"]
[EventRounds "11"]
[EventCountry "ENG"]
[SourceTitle "EXT 2019"]
[Source "ChessBase"]
[SourceDate "2018.10.10"]
[SourceVersion "1"]
[SourceVersionDate "2018.10.10"]
[SourceQuality "1"]
[WhiteTeam "Spirit of Atticus"]
[BlackTeam "Cambridge University"]
[WhiteTeamCountry "ENG"]
[BlackTeamCountry "ENG"]

1. Nf3 d5 2. d3 e6 3. g3 c5 4. Bg2 Nc6 5. 0-0 g6 6. Nbd2 Bg7 7. e4 Nge7 8. Re1 b6 9. c3 Qc7 10. Qe2 Ba6 11. h4 h6 12. exd5 exd5 13. Nf1 0-0 14. Bf4 Qd7 15. Qd2 Kh7 16. N1h2 Rad8 17. Rad1 Rfe8 18. a3 b5 19. d4 c4 20. Be5 f6 21. Bf4 h5 22. Re2 Bc8 23. Rde1 Qb7 24. Nf1 Bf5 25. Kh2 Qd7 26. Ng1 Bf8 27. Ne3 Be4 28. Bh3 Qb7 29. Nf1 Qa8 30. f3 Bf5 31. g4 hxg4 32. fxg4 Bd3 33. Re6 Ng8 34. Ng3 Qc8 35. g5 f5 36. Rxe8 Rxe8 37. h5 gxh5 38. Nf3 Kg7 39. Nh4 Rxe1 40. Ngxf5+ Kh8 41. Qxe1 Bxf5 42. Bxf5 Qd8 43. Ng6+ Kg7 44. Be5+ Kf7 45. Nh8+ Ke8 46. Bg6+ Kd7 47. Nf7 Nxe5 48. Qxe5 Qc7 49. Qxc7+ Kxc7 50. Bxh5 a5 51. Bf3 Ne7 52. Kg3 b4 53. a4 Bg7 54. Kf4 Ng6+ 55. Ke3 Ne7 56. Bg4 b3 57. Be6 Kc6 58. Bg4 Kc7 59. Nh6 Kd6 60. Bh3 Bf8 61. Nf7+ Kc7 62. Be6 Kc6 63. Ne5+ Kd6 64. Bg4 Bg7 65. Kf4 Nc6 66. Nxc6 Kxc6 67. Bf5 Kd6 68. Bh7 Ke6 69. Bg8+ Kd6 70. Kg4 Bh8 71. Kh5 Bg7 72. Bf7 Kc6 73. Be6 Kd6 74. Bf7 Kc6 75. Kg4 Kd6 76. Bg8 Bh8 77. Bh7 Ke6 78. Kh5 Kf7 79. Bg6+ Ke7 80. Kh6 Kf8 81. Kh7 Bg7 82. Bf5 Kf7 83. Be6+ 1-0

[Event "BCF-chT2b 1617 (4NCL)"]
[Site "England"]
[Date "2017.01.15"]
[Round "4.53"]
[White "House, Glenn"]
[Black "Granat, Russell"]
[Result "1-0"]
[WhiteElo "2201"]
[BlackElo "2230"]
[PlyCount "45"]
[EventDate "2016.11.19"]
[EventType "team-tourn"]
[EventRounds "11"]
[EventCountry "ENG"]
[SourceTitle "EXT 2019"]
[Source "ChessBase"]
[SourceDate "2018.10.10"]
[SourceVersion "1"]
[SourceVersionDate "2018.10.10"]
[SourceQuality "1"]
[WhiteTeam "Spirit of Atticus"]
[BlackTeam "Guildford III"]
[WhiteTeamCountry "ENG"]
[BlackTeamCountry "ENG"]

1. Nf3 Nf6 2. g3 g6 3. Bg2 Bg7 4. 0-0 0-0 5. d3 d5 6. Nbd2 c5 7. e4 e6 8. Re1 Nc6 9. c3 b5 10. exd5 Nxd5 11. a4 b4 12. c4 Nde7 13. Nb3 Qd6 14. Bf4 e5 15. Be3 Bg4 16. Bxc5 Qd7 17. Qc2 Rfd8 18. d4 Bf5 19. Qe2 e4 20. Nfd2 Nxd4 21. Bxd4 Bxd4 22. Nxe4 Bxe4 23. Bxe4 1-0

[Event "Prague Summer op-A 3rd"]
[Site "Prague"]
[Date "2016.08.10"]
[Round "7"]
[White "Serrano Salvador, Eduardo"]
[Black "House, Glenn"]
[Result "1/2-1/2"]
[WhiteElo "2325"]
[BlackElo "2218"]
[PlyCount "104"]
[EventDate "2016.08.05"]
[EventType "swiss"]
[EventRounds "9"]
[EventCountry "CZE"]
[SourceTitle "CBM 173 Extra"]
[Source "ChessBase"]
[SourceDate "2016.08.29"]
[SourceVersion "1"]
[SourceVersionDate "2016.08.29"]
[SourceQuality "1"]

1. d4 Nf6 2. Nf3 e6 3. Bf4 c5 4. c3 b6 5. e3 Be7 6. Nbd2 cxd4 7. exd4 0-0 8. h3 Bb7 9. Bd3 d6 10. 0-0 Nbd7 11. a4 a6 12. Nc4 Qc7 13. Bh2 Rfe8 14. Re1 Bf8 15. Ne3 g6 16. Rc1 e5 17. dxe5 Nxe5 18. Be2 Bh6 19. Nd4 Bxe3 20. fxe3 Nd5 21. e4 Nf6 22. Bf3 Nxf3+ 23. gxf3 Qd7 24. Qd2 Qxh3 25. Bxd6 Rad8 26. Qf4 Nh5 27. Qh2 Qd7 28. Bc7 Rc8 29. Bxb6 Qxa4 30. Nf5 gxf5 31. Qxh5 Qc6 32. Bd4 Qg6+ 33. Qxg6+ fxg6 34. exf5 Bxf3 35. f6 Kf7 36. Kf2 Bb7 37. Kg3 Rcd8 38. Kf4 h6 39. Rcd1 g5+ 40. Kg4 Re4+ 41. Rxe4 Bxe4 42. Re1 Re8 43. Ra1 Bd3 44. Kh5 Rh8 45. Re1 Bg6+ 46. Kg4 Re8 47. Rxe8 Kxe8 48. c4 Kd7 49. Bc5 Ke6 50. Be7 Bd3 51. Kh5 g4 52. Kxh6 Kf7 1/2-1/2

[Event "BCF-chT1d 1516 (4NCL) Demotion pool"]
[Site "England"]
[Date "2016.05.01"]
[Round "10.175"]
[White "Salimbeni, George PW"]
[Black "House, Glenn"]
[Result "0-1"]
[WhiteElo "2111"]
[BlackElo "2237"]
[PlyCount "145"]
[EventDate "2015.11.14"]
[EventType "team-tourn"]
[EventRounds "4"]
[EventCountry "ENG"]
[SourceTitle "EXT 2017"]
[Source "ChessBase"]
[SourceDate "2016.10.25"]
[SourceVersion "1"]
[SourceVersionDate "2016.10.25"]
[SourceQuality "1"]
[WhiteTeam "Sussex Martlets"]
[BlackTeam "Spirit of Atticus"]
[WhiteTeamCountry "ENG"]
[BlackTeamCountry "ENG"]

1. e4 c5 2. Nc3 e6 3. g3 d5 4. exd5 exd5 5. Bg2 Nf6 6. Nge2 d4 7. Ne4 Nxe4 8. Bxe4 Nd7 9. 0-0 Nf6 10. Bg2 Bd6 11. d3 0-0 12. Bg5 h6 13. Bxf6 Qxf6 14. Qd2 Rb8 15. Rfe1 b6 16. Nc1 Bg4 17. Nb3 Rbc8 18. Bf1 Bb8 19. Qc1 Rce8 20. Bg2 Rc8 21. Nd2 Qd8 22. a4 Qd7 23. b3 Rfe8 24. f3 Bh5 25. Ne4 Bg6 26. f4 Bh5 27. Qa3 f5 28. Nd2 Re7 29. Bf3 Bf7 30. Rad1 Rce8 31. Rxe7 Qxe7 32. Nc4 g5 33. fxg5 hxg5 34. Qc1 g4 35. Bc6 Rc8 36. Re1 Qf6 37. Bb7 Rf8 38. Qd1 Re8 39. Rxe8+ Bxe8 40. Bd5+ Kg7 41. Qe2 Bd7 42. Nd2 Bc7 43. Nf1 Qd6 44. Bg2 Bd8 45. Nd2 Bc7 46. Nf1 Kf6 47. Qd2 Kg6 48. Qe2 a6 49. Bb7 b5 50. axb5 axb5 51. Qg2 Kf6 52. Qd2 Kg6 53. Qg2 Ba5 54. Qd5 Qxd5 55. Bxd5 Be1 56. Kg2 Kf6 57. h3 Ke5 58. Bb7 Kd6 59. hxg4 fxg4 60. Be4 Kc7 61. Nh2 Kb6 62. Bg6 Ka5 63. Bh5 Bc6+ 64. Kf1 Bxg3 65. Nxg4 Kb4 66. Ke2 Kc3 67. Kd1 Bf3+ 68. Kc1 Bf4+ 69. Kb1 Bd1 70. Nf6 Bxc2+ 71. Ka1 Kxb3 72. Bf7+ Ka3 73. Ba2 0-1

[Event "Jersey op"]
[Site "St Clement Bay"]
[Date "2016.04.15"]
[Round "9"]
[White "House, Glenn"]
[Black "Williams, Simon Kim"]
[Result "0-1"]
[WhiteElo "2213"]
[BlackElo "2452"]
[PlyCount "76"]
[EventDate "2016.04.10"]
[EventType "swiss"]
[EventRounds "9"]
[EventCountry "GCI"]
[SourceTitle "CBM 171 Extra"]
[Source "ChessBase"]
[SourceDate "2016.04.26"]
[SourceVersion "1"]
[SourceVersionDate "2016.04.26"]
[SourceQuality "1"]

1. e4 c5 2. Nf3 d6 3. g3 g6 4. Bg2 Bg7 5. 0-0 Nc6 6. d3 e5 7. c3 Nge7 8. a3 0-0 9. b4 h6 10. Nbd2 Be6 11. Bb2 Qd7 12. b5 Nd8 13. a4 Bh3 14. Bxh3 Qxh3 15. Kh1 Qd7 16. Kg2 Ne6 17. h3 d5 18. c4 dxe4 19. dxe4 Rad8 20. Qe2 g5 21. Rfd1 Ng6 22. Kh2 Nd4 23. Bxd4 exd4 24. Ra3 d3 25. Qf1 f5 26. Re1 f4 27. g4 Qd6 28. Kh1 Rd7 29. Rd1 Rfd8 30. Rb3 Qe6 31. Qg2 Be5 32. Qf1 Bc7 33. Ra1 Ba5 34. Raa3 Bxd2 35. Nxd2 Ne5 36. Rc3 f3 37. Ra1 h5 38. gxh5 Rh7 0-1

[Event "BCF-chT1d 1516 (4NCL) Demotion pool"]
[Site "England"]
[Date "2016.03.20"]
[Round "8.174"]
[White "House, Glenn"]
[Black "Batchelor, Peter"]
[Result "1/2-1/2"]
[WhiteElo "2237"]
[BlackElo "2311"]
[PlyCount "62"]
[EventDate "2015.11.14"]
[EventType "team-tourn"]
[EventRounds "4"]
[EventCountry "ENG"]
[SourceTitle "CBM 171 Extra"]
[Source "ChessBase"]
[SourceDate "2016.04.26"]
[SourceVersion "1"]
[SourceVersionDate "2016.04.26"]
[SourceQuality "1"]
[WhiteTeam "Spirit of Atticus"]
[BlackTeam "Grantham Sharks"]
[WhiteTeamCountry "ENG"]
[BlackTeamCountry "ENG"]

1. Nf3 Nf6 2. g3 d5 3. d3 g6 4. Bg2 Bg7 5. 0-0 0-0 6. Nbd2 a5 7. a4 Nc6 8. c3 e5 9. e4 Re8 10. Re1 dxe4 11. dxe4 h6 12. Qc2 Be6 13. Bf1 Nd7 14. Bc4 Qf6 15. Bxe6 Qxe6 16. Nf1 Rad8 17. Be3 Bf8 18. Kg2 Nc5 19. Bxc5 Bxc5 20. Ne3 Bxe3 21. Rxe3 Rd7 22. Rd1 Red8 23. Red3 Rxd3 24. Rxd3 Rxd3 25. Qxd3 Qb3 26. Qd5 Qxa4 27. Nxe5 Nxe5 28. Qxe5 Qc4 29. Qxa5 Qxe4+ 30. Kg1 b6 31. Qa7 Qe1+ 1/2-1/2